000 00685nam a2200217Ia 4500
001 10695
003 GE_BSU
008 181216s||||||||xx |||||||||||||| ||und||
040 _cGE_BSU
080 _a821.353.1-1+821.353.1–11
100 _aფხოველი,ჯარჯი
245 _a43 ლექსი:1 პოემა.
245 _bლექსები,პოემა.
245 _cრედ.გრ. ჯულუხიძე; მხატვ.გ.წერეთელი.
260 _aთბილისი.
260 _bმერანი.
260 _c1974.
300 _a73გვ;16სმ.
653 _a43 ლექსი:1 პოემა.
942 _cBK
999 _c43946
_d43946